Circullus viciosus /

Korporativní autor: Adacta (hudební skupina)
Jazyk: Slovenština
Vydáno: [Říčany u Brna] : PHR Records ;Adactive Records, [2018]
Témata:
Fyzický popis: 1 gramofonová deska ; 30 cm
Zvukové nahrávky
Uloženo v:
LEADER 02049njm a2200541 i 4500
001 001672403
003 CZ BrMZK
005 20190403105821.0
007 sd bumennmpuud
008 190307p20182003xr munng d n slo
015 |a cnb003073470 
028 0 1 |a PH 231  |b PHR Records 
028 0 3 |a ADR003  |b Adactive Records 
028 1 3 |a 179392E1/A  |b PHR Records 
028 1 3 |a 179392E2/A  |b PHR Records 
040 |a BOA001  |b cze  |e rda 
041 0 |d slo  |e slo  |e eng 
045 |a y0y0 
047 |a pp  |a rc 
072 7 |a 78.011.26  |x Populární hudba. Populární písně. Populární taneční hudba  |2 Konspekt  |9 9 
080 |a 78.038.6.011.26  |2 MRF 
080 |a 78.03.011.26  |2 MRF 
080 |a (086.72)  |2 MRF 
245 0 0 |a Circullus viciosus /  |c Adacta 
264 1 |a [Říčany u Brna] :  |b PHR Records ;  |a [Bratislava] :  |b Adactive Records,  |c [2018] 
300 |a 1 gramofonová deska ;  |c 30 cm 
336 |a hraná hudba  |b prm  |2 rdacontent 
337 |a audio  |b s  |2 rdamedia 
338 |a audiodisk  |b sd  |2 rdacarrier 
340 |a vinyl  |2 rda 
344 |a analog  |c 33 1/3 ot/min  |2 rda 
500 |a Název z obalu 
500 |a Texty (i v anglickém překladu) v obalu 
505 0 0 |t Tebou --  |t Mŕtve duše --  |t Otrok vrahom --  |t Veľký brat --  |t Moc dáva právo --  |t Nemiznúce stopy --  |t Bludný kruh --  |t Úbohí --  |t Otvorme svoje dlane --  |t Dies Ater --  |t Upozornenie --  |t Poznáme cestu --  |t Halla fran Stockholm 
511 1 |a Adacta 
518 |o Nahráno  |d 28.-30. listopadu 2003  |p Moonset Studio, Šaľa 
648 7 |a 2001-2010  |7 ch460588  |2 czenas 
650 0 7 |a punk (hudba)  |7 ph224427  |2 czenas 
650 0 7 |a rock  |7 ph125174  |2 czenas 
650 0 7 |a populární hudba  |7 ph124352  |y 2001-2010  |2 czenas 
653 0 |a hardcore crust punk 
653 0 |a death metal 
655 7 |a gramofonové desky  |7 fd186718  |2 czenas 
710 2 |a Adacta (hudební skupina)  |7 ko2016922774  |4 prf 
910 |a BOA001  |b LP-1424.401 
990 |a AV 
991 |b 201904 
996 6 |b 2610773805  |c LP-1424.401  |l MZK  |r Sklad / do 24 hodin  |n 0  |p p.v.  |w 001712270  |u 000010  |a 1  |e BOA001  |j MZK50  |s P